100 x Berlin
Saved in:
| Hovedforfatter: | |
|---|---|
| Format: | Bog |
| Sprog: | tysk |
| Udgivet: |
Berlín
Verlag Der Reihe
1930
|
| Serier: | Die Reihe der Hundert
|
| Fag: | |
| Tags: |
Tilføj Tag
Ingen Tags, Vær først til at tagge denne postø!
|
MARC
| LEADER | 00000nam a2200000 a 4500 | ||
|---|---|---|---|
| 001 | UCY0152 | ||
| 003 | CL-VaPUC | ||
| 008 | 940714e19300000GW |||||||||||||||||ger|d | ||
| 082 | 0 | 4 | |a 779.4 |b WIL |2 21 |
| 100 | 0 | |a Willinger, L |e author |9 327779 | |
| 245 | 1 | 0 | |a 100 x Berlin |
| 300 | |a 100 p | ||
| 942 | |c BK | ||
| 945 | |d 19940714 00:00:00 |a oaravena | ||
| 260 | |a Berlín |b Verlag Der Reihe |c 1930 | ||
| 650 | 0 | |a Fotografía |9 268495 | |
| 651 | 0 | |a Berlin |9 327780 | |
| 583 | |a last modification |c 19940714 00:00:00 |k Rodrigo Vera | ||
| 490 | 0 | |a Die Reihe der Hundert | |
| 999 | |c 229234 |d 229232 | ||
| 952 | |0 0 |1 0 |4 0 |6 779_400000000000000_WIL_1930 |7 0 |8 A |9 230092 |a BIBARQ |b BIBARQ |d 2019-11-15 |i 2991055 |o 779.4 WIL 1930 |p 2991055 |r 2025-01-20 |w 2019-11-15 |y BK |k ARQ | ||